000 00477nam a22001937a 4500
003 MPLRDC
005 20220104113906.0
008 210129b ||||| |||| 00| 0 eng d
020 _a7-5059-1675-0
082 _a848.2 GLH-6 c.2
100 _a郭良蕙著
245 _a我不再哭泣
_c
250 _a一版一刷
260 _a
_b中国文联出版公司
_c1992
300 _b
490 _a郭良蕙作品集
650 _a现代别集
942 _cBK
_o848.2 GLH-6 c.2
999 _c3177
_d3167